000 00651nam a22002057a 4500
999 _c8970
_d8970
003 AR-CdUCM
008 190327b ||||| |||| 00| 0 spa d
040 _aMUNICIPALIDAD PROVINCIAL DEL CUSCO
_cBIBLIOTECA MUNICIPAL DEL CUSCO
082 _a869.75 /
_bA94
100 _aAymará, Dionisio
_924879
245 _aSonatas /
260 _aCaracas :
_bVenezuela ,
_c1963.
300 _a43 páginas ;
_c23.8 cm.
500 _aContiene dedicatoria de puño y letra del mismo autor dirigido a Luis Nieto.
650 _aPoesia Venezolana
_911161
650 _aPoesia Latinoamericana
_92147
650 _aSonatas
_924880
942 _2ddc
_cLIBROS
945 _artm